[Event "FRA-chT1 1011"]
[Site "France"]
[Date "2010.12.11"]
[Round "4.4"]
[White "Sarakauskas, Gediminas"]
[Black "Mandon, Fabrice"]
[Result "1-0"]
[WhiteElo "2450"]
[BlackElo "2196"]
[PlyCount "45"]
[EventDate "2010.10.17"]
[EventType "team-tourn"]
[EventRounds "11"]
[EventCountry "FRA"]
[SourceTitle "EXT 2012"]
[Source "ChessBase"]
[SourceDate "2011.11.24"]
[SourceVersion "1"]
[SourceVersionDate "2011.11.24"]
[SourceQuality "1"]

1. e4 g6 2. d4 Bg7 3. g3 d6 4. Bg2 c5 5. d5 Nf6 6. c4 0-0 7. Nc3 Nbd7 8. h3 Nh5 9. Nge2 Ne5 10. b3 b5 11. cxb5 a6 12. g4 Nf6 13. f4 Nexg4 14. hxg4 Nxg4 15. bxa6 Bxa6 16. Qd2 Qa5 17. Bb2 Bxe2 18. Kxe2 Bd4 19. Nd1 Qb5+ 20. Kf3 h5 21. Bxd4 cxd4 22. Qxd4 Rfc8 23. Nc3 1-0

[Event "Bethune op-A"]
[Site "Bethune"]
[Date "2009.12.26"]
[Round "1"]
[White "Milliet, Sophie"]
[Black "Mandon, Fabrice"]
[Result "1-0"]
[WhiteElo "2390"]
[BlackElo "2241"]
[PlyCount "55"]
[EventDate "2009.12.26"]
[EventType "swiss"]
[EventRounds "9"]
[EventCountry "FRA"]
[SourceTitle "EXT 2011"]
[Source "ChessBase"]
[SourceDate "2010.11.26"]
[SourceVersion "1"]
[SourceVersionDate "2010.11.26"]
[SourceQuality "1"]

1. e4 c5 2. c3 Nf6 3. e5 Nd5 4. Nf3 Nc6 5. d4 cxd4 6. Bc4 Nb6 7. Bb3 d5 8. exd6 Qxd6 9. 0-0 Bf5 10. Nxd4 Nxd4 11. cxd4 g6 12. Re1 Bg7 13. Bg5 Bf6 14. Bxf6 Qxf6 15. Nc3 0-0 16. Qf3 Rad8 17. Rad1 Rd7 18. h3 h5 19. d5 Kg7 20. Ne2 Rfd8 21. Nd4 e6 22. dxe6 Rxd4 23. Rxd4 Rxd4 24. Qxb7 Rd2 25. Qxa7 Nc8 26. Qxf7+ Qxf7 27. exf7 Rd6 28. Re8 1-0

[Event "FRA-chT2 0910"]
[Site "France"]
[Date "2009.12.13"]
[Round "6.3"]
[White "Rano, David"]
[Black "Mandon, Fabrice"]
[Result "0-1"]
[WhiteElo "2191"]
[BlackElo "2241"]
[PlyCount "64"]
[EventDate "2009.09.27"]
[EventType "team-tourn"]
[EventRounds "11"]
[EventCountry "FRA"]
[SourceTitle "EXT 2011"]
[Source "ChessBase"]
[SourceDate "2010.11.26"]
[SourceVersion "1"]
[SourceVersionDate "2010.11.26"]
[SourceQuality "1"]

1. d4 d5 2. c4 dxc4 3. e3 a6 4. Bxc4 Nf6 5. a4 e6 6. Nf3 c5 7. Nc3 Nc6 8. 0-0 Be7 9. Qe2 0-0 10. Rd1 Qc7 11. h3 Bd7 12. d5 exd5 13. Nxd5 Nxd5 14. Bxd5 Nb4 15. Bc4 Rad8 16. Bd2 Bf6 17. Bxb4 cxb4 18. Nd4 Rfe8 19. Rac1 Qa5 20. b3 Bxh3 21. Qf3 Bc8 22. Nc2 h5 23. Qf4 Bg4 24. Rxd8 Qxd8 25. e4 g5 26. Qe3 Bc3 27. Rf1 Qd2 28. Qb6 Be6 29. Ne3 Bd4 30. Qxb7 Bxc4 31. Nxc4 Qf4 32. Qd7 Rxe4 0-1

[Event "Le Touquet op-A 24th"]
[Site "Le Touquet"]
[Date "2009.10.28"]
[Round "7"]
[White "Mandon, Fabrice"]
[Black "Ladisic, Alex Sacha"]
[Result "0-1"]
[WhiteElo "2239"]
[BlackElo "2067"]
[PlyCount "92"]
[EventDate "2009.10.24"]
[EventType "swiss"]
[EventRounds "9"]
[EventCountry "FRA"]
[SourceTitle "EXT 2010"]
[Source "ChessBase"]
[SourceDate "2010.11.25"]
[SourceVersion "1"]
[SourceVersionDate "2010.11.25"]
[SourceQuality "1"]

1. e4 e5 2. Nf3 Nc6 3. d4 exd4 4. Nxd4 Nf6 5. Nxc6 bxc6 6. e5 Qe7 7. Qe2 Nd5 8. c4 Ba6 9. g3 g6 10. Bg2 Bg7 11. 0-0 0-0 12. Re1 Rfe8 13. Bd2 Nb6 14. b3 Qxe5 15. Qxe5 Rxe5 16. Nc3 Rae8 17. Rxe5 Rxe5 18. Rd1 Bb7 19. Bf4 Re7 20. Ne4 d5 21. Nc5 Ba8 22. Na6 Be5 23. Bxe5 Rxe5 24. Nxc7 Bb7 25. cxd5 cxd5 26. a4 a5 27. f4 Rf5 28. Rc1 Rf6 29. Kf2 Kf8 30. Ke2 Ke7 31. Kd3 Rc6 32. Re1+ Kd7 33. Nb5 Ba6 34. Kd4 Bxb5 35. axb5 Rc2 36. Bf3 Kd6 37. Re8 Rf2 38. Be2 Rxh2 39. Bd3 h5 40. Rb8 Nd7 41. Rc8 h4 42. Rc6+ Ke7 43. gxh4 Rxh4 44. Ke3 Rh3+ 45. Kd4 Rf3 46. f5 Rxd3+ 0-1

[Event "Le Touquet op-A 24th"]
[Site "Le Touquet"]
[Date "2009.10.27"]
[Round "5"]
[White "Mandon, Fabrice"]
[Black "Sharma, Dinesh Kumar"]
[Result "1/2-1/2"]
[WhiteElo "2239"]
[BlackElo "2335"]
[PlyCount "52"]
[EventDate "2009.10.24"]
[EventType "swiss"]
[EventRounds "9"]
[EventCountry "FRA"]
[SourceTitle "EXT 2010"]
[Source "ChessBase"]
[SourceDate "2010.11.25"]
[SourceVersion "1"]
[SourceVersionDate "2010.11.25"]
[SourceQuality "1"]

1. e4 c5 2. Nf3 d6 3. d4 Nf6 4. Nc3 cxd4 5. Nxd4 a6 6. Bc4 e6 7. Bb3 b5 8. Bg5 Be7 9. Qf3 Qb6 10. 0-0-0 Nbd7 11. Rhe1 0-0 12. Qg3 Nc5 13. Bd5 Bb7 14. Bxb7 Nxb7 15. Bh6 Ne8 16. f4 Kh8 17. Bg5 Bxg5 18. Qxg5 b4 19. Nce2 Nc5 20. Ng3 Rc8 21. Kb1 Qc7 22. e5 h6 23. Qh5 Nd7 24. Qe2 Qb6 25. Nh5 dxe5 26. fxe5 Rc5 1/2-1/2

[Event "Le Touquet op-A 24th"]
[Site "Le Touquet"]
[Date "2009.10.25"]
[Round "2"]
[White "Vovk, Yuri"]
[Black "Mandon, Fabrice"]
[Result "1-0"]
[WhiteElo "2538"]
[BlackElo "2239"]
[PlyCount "39"]
[EventDate "2009.10.24"]
[EventType "swiss"]
[EventRounds "9"]
[EventCountry "FRA"]
[SourceTitle "EXT 2010"]
[Source "ChessBase"]
[SourceDate "2010.11.25"]
[SourceVersion "1"]
[SourceVersionDate "2010.11.25"]
[SourceQuality "1"]

1. d4 d5 2. c4 dxc4 3. Nf3 Nf6 4. e3 e6 5. Bxc4 a6 6. Qe2 c5 7. 0-0 Nc6 8. Rd1 Qc7 9. Nc3 b5 10. Bb3 Bd6 11. dxc5 Bxc5 12. Bd2 Bb7 13. Rac1 Qb6 14. Bc2 0-0 15. Ne4 Be7 16. Bc3 b4 17. Nxf6+ gxf6 18. Ng5 h6 19. Qh5 Kg7 20. Nxe6+ 1-0

[Event "Dieppe"]
[Site "Dieppe"]
[Date "2009.08.29"]
[Round "9"]
[White "Tirard, Hugo"]
[Black "Mandon, Fabrice"]
[Result "1-0"]
[WhiteElo "2434"]
[BlackElo "2251"]
[PlyCount "59"]
[EventDate "2009.08.23"]
[EventType "tourn"]
[EventRounds "9"]
[EventCountry "FRA"]
[EventCategory "4"]
[SourceTitle "CBM 131 Extra"]
[Source "ChessBase"]
[SourceDate "2009.09.03"]
[SourceVersion "2"]
[SourceVersionDate "2009.09.16"]
[SourceQuality "1"]

1. e4 c5 2. Nf3 Nc6 3. d4 cxd4 4. Nxd4 Qb6 5. Nb3 e6 6. Nc3 a6 7. Bf4 Bb4 8. a3 Bxc3+ 9. bxc3 Nf6 10. Bd3 e5 11. Bg5 d6 12. 0-0 Be6 13. Rb1 Qc7 14. Bxf6 gxf6 15. f4 0-0-0 16. f5 Bxb3 17. cxb3 d5 18. Qh5 d4 19. c4 h6 20. b4 Nb8 21. c5 Rd7 22. a4 Qd8 23. Rfc1 Rc7 24. b5 Qe7 25. bxa6 bxa6 26. Qe2 Rc6 27. Rb6 Qc7 28. Bxa6+ Nxa6 29. Qxa6+ Kd7 30. Qb5 1-0

[Event "Dieppe"]
[Site "Dieppe"]
[Date "2009.08.26"]
[Round "5"]
[White "Zhou, Yang Fan"]
[Black "Mandon, Fabrice"]
[Result "1-0"]
[WhiteElo "2265"]
[BlackElo "2251"]
[PlyCount "89"]
[EventDate "2009.08.23"]
[EventType "tourn"]
[EventRounds "9"]
[EventCountry "FRA"]
[EventCategory "4"]
[SourceTitle "CBM 131 Extra"]
[Source "ChessBase"]
[SourceDate "2009.09.03"]
[SourceVersion "2"]
[SourceVersionDate "2009.09.16"]
[SourceQuality "1"]

1. e4 c5 2. Nf3 Nc6 3. Bb5 g6 4. Bxc6 dxc6 5. d3 Bg7 6. h3 Nf6 7. Nc3 Nd7 8. Be3 e5 9. Qd2 Qe7 10. a3 Nf8 11. b4 cxb4 12. axb4 Qxb4 13. 0-0 b5 14. Bxa7 Bb7 15. Rfb1 Qe7 16. Be3 Ne6 17. Rxa8+ Bxa8 18. Bh6 0-0 19. Bxg7 Nxg7 20. Ne2 Rb8 21. Qa5 f6 22. c3 Ne6 23. d4 exd4 24. cxd4 Nf8 25. Qa2+ Kg7 26. Qc2 Nd7 27. Nf4 Re8 28. Re1 Nf8 29. e5 fxe5 30. Rxe5 Qd7 31. Qc5 Kg8 32. Ng5 Rxe5 33. dxe5 Qf5 34. h4 Qxf4 35. e6 Nxe6 36. Nxe6 Qf6 37. Qd6 h6 38. Qb8+ Kf7 39. Nd8+ Ke8 40. Nb7+ Kf7 41. Qxa8 Ke6 42. Qa2+ Ke7 43. Qa3+ Kf7 44. g3 Qd4 45. Qf3+ 1-0

[Event "Dieppe"]
[Site "Dieppe"]
[Date "2009.08.24"]
[Round "3"]
[White "D'Costa, Lorin AR"]
[Black "Mandon, Fabrice"]
[Result "1-0"]
[WhiteElo "2477"]
[BlackElo "2251"]
[PlyCount "71"]
[EventDate "2009.08.23"]
[EventType "tourn"]
[EventRounds "9"]
[EventCountry "FRA"]
[EventCategory "4"]
[SourceTitle "CBM 131 Extra"]
[Source "ChessBase"]
[SourceDate "2009.09.03"]
[SourceVersion "2"]
[SourceVersionDate "2009.09.16"]
[SourceQuality "1"]

1. e4 c5 2. Nf3 Nc6 3. d4 cxd4 4. Nxd4 Nf6 5. Nc3 e5 6. Ndb5 d6 7. Bg5 a6 8. Na3 b5 9. Bxf6 gxf6 10. Nd5 Bg7 11. Bd3 Ne7 12. Nxe7 Qxe7 13. 0-0 f5 14. c4 0-0 15. Re1 Bb7 16. Qf3 fxe4 17. Bxe4 Rab8 18. Rad1 Bxe4 19. Qxe4 b4 20. Nc2 f5 21. Qd5+ Qf7 22. b3 Rb6 23. Ne3 f4 24. Qxf7+ Rxf7 25. Nf1 f3 26. g3 a5 27. Rd3 a4 28. Nd2 axb3 29. axb3 Ra7 30. Nxf3 Ra2 31. Ng5 Rba6 32. Ne4 Bf8 33. Nf6+ Kf7 34. Nd5 Rb2 35. Rf3+ Kg7 36. Nc7 1-0

[Event "Rennes op 2nd"]
[Site "Rennes"]
[Date "2009.07.15"]
[Round "1"]
[White "Le Meur, Jean Pierre"]
[Black "Mandon, Fabrice"]
[Result "0-1"]
[WhiteElo "1942"]
[BlackElo "2251"]
[PlyCount "102"]
[EventDate "2009.07.15"]
[EventType "swiss"]
[EventRounds "9"]
[EventCountry "FRA"]
[SourceTitle "EXT 2011"]
[Source "ChessBase"]
[SourceDate "2010.11.26"]
[SourceVersion "1"]
[SourceVersionDate "2010.11.26"]
[SourceQuality "1"]

1. d4 Nf6 2. e3 d5 3. Nd2 Bf5 4. c3 e6 5. f4 c5 6. Ngf3 Nc6 7. Bb5 Qb6 8. Qa4 Bd6 9. dxc5 Bxc5 10. Nd4 0-0 11. N2b3 Nxd4 12. exd4 Bd6 13. Qa5 Qxa5 14. Nxa5 Rab8 15. 0-0 Rfc8 16. Be2 b6 17. Nb3 b5 18. a3 Bc2 19. Nd2 a5 20. Nf3 b4 21. axb4 axb4 22. Ra6 bxc3 23. bxc3 Ne4 24. Ne1 Bb3 25. Nf3 Nxc3 26. Bd3 Be7 27. Ra7 Bd8 28. Ng5 h6 29. Nxf7 Bb6 30. Re7 Bxd4+ 31. Kh1 Bc5 32. Nxh6+ gxh6 33. Rxe6 Rb6 34. f5 Rxe6 35. fxe6 Ne4 36. Bb5 Nf2+ 37. Kg1 Nd3+ 38. Kh1 Nf2+ 39. Kg1 Nd3+ 40. Kh1 Nxc1 41. Rxc1 Ra8 42. g4 Be7 43. Rc7 Kf8 44. Rc3 Bd1 45. h3 Ra3 46. Rxa3 Bxa3 47. Kg2 Ke7 48. Bd7 d4 49. Bc8 Bb4 50. Kf2 d3 51. Ba6 d2 0-1

[Event "Pobeskydy ArcelorMittal op"]
[Site "Frydek Mistek"]
[Date "2009.04.12"]
[Round "8"]
[White "Weissmann, Lukas"]
[Black "Mandon, Fabrice"]
[Result "1/2-1/2"]
[WhiteElo "2146"]
[BlackElo "2257"]
[PlyCount "112"]
[EventDate "2009.04.09"]
[EventType "swiss"]
[EventRounds "9"]
[EventCountry "CZE"]
[SourceTitle "CBM 129 Extra"]
[Source "ChessBase"]
[SourceDate "2009.05.05"]
[SourceVersion "2"]
[SourceVersionDate "2009.05.20"]
[SourceQuality "1"]

1. e4 c5 2. Nf3 Nc6 3. Nc3 g6 4. d4 cxd4 5. Nxd4 Bg7 6. Be3 Nf6 7. Bc4 0-0 8. Bb3 d6 9. f3 Bd7 10. Qd2 Rc8 11. 0-0-0 Ne5 12. h4 Nc4 13. Bxc4 Rxc4 14. h5 Qa5 15. hxg6 fxg6 16. Nb3 Qa6 17. e5 Rxc3 18. bxc3 dxe5 19. Bh6 Be6 20. Bxg7 Kxg7 21. Kb2 Rc8 22. Qe3 Qb5 23. Rde1 e4 24. fxe4 h5 25. Qxa7 Rc4 26. Qa5 Qxa5 27. Nxa5 Rc5 28. Nb3 Re5 29. Nd4 Bc4 30. Rh3 Bd5 31. Rhe3 Bxe4 32. c4 Kh6 33. Kc3 h4 34. Nf3 Bxf3 35. Rxe5 Bxg2 36. Rxe7 h3 37. R7e2 Nh5 38. Kd4 Nf4 39. Rf2 g5 40. Ke3 Kh5 41. Rxf4 gxf4+ 42. Kf2 Bc6 43. Kg1 Kg4 44. Kh2 f3 45. Rf1 Be4 46. Rf2 Bf5 47. Rd2 Kf4 48. Rf2 b6 49. c3 Be6 50. c5 bxc5 51. a4 Ke3 52. Kg3 Bd5 53. a5 Bb7 54. a6 Bxa6 55. Rxf3+ Kd2 56. Rf5 Kxc3 1/2-1/2

[Event "Pobeskydy ArcelorMittal op"]
[Site "Frydek Mistek"]
[Date "2009.04.11"]
[Round "5"]
[White "Mandon, Fabrice"]
[Black "Nguyen, Dinh Phong"]
[Result "0-1"]
[WhiteElo "2257"]
[BlackElo "2032"]
[PlyCount "148"]
[EventDate "2009.04.09"]
[EventType "swiss"]
[EventRounds "9"]
[EventCountry "CZE"]
[SourceTitle "CBM 129 Extra"]
[Source "ChessBase"]
[SourceDate "2009.05.05"]
[SourceVersion "2"]
[SourceVersionDate "2009.05.20"]
[SourceQuality "1"]

1. e4 c5 2. Nf3 Nc6 3. d4 cxd4 4. Nxd4 Nf6 5. Nc3 d6 6. Bg5 e6 7. Qd2 Be7 8. Be2 0-0 9. 0-0 Nxd4 10. Qxd4 b6 11. Rad1 Bb7 12. Qe3 Qb8 13. Qg3 Rd8 14. f4 Qc7 15. Bd3 Nh5 16. Qh4 Qc5+ 17. Kh1 Bxg5 18. fxg5 g6 19. Be2 Ng7 20. Rd3 Qe5 21. Rh3 Kf8 22. Rhf3 Nf5 23. exf5 Bxf3 24. Qh6+ Ke7 25. f6+ Kd7 26. Bxf3 d5 27. Qh4 a6 28. Qa4+ b5 29. Qb4 Qd6 30. Qxd6+ Kxd6 31. a3 Rac8 32. Rf2 Kc7 33. Rd2 Kb6 34. Kg1 Rc4 35. g3 Rc5 36. Kf2 Rc7 37. Ke3 Rc4 38. Kd3 Kc5 39. b3 Rd4+ 40. Ke3 Rxd2 41. Kxd2 a5 42. h4 b4 43. axb4+ axb4 44. Na4+ Kd6 45. Nb2 e5 46. Be2 e4 47. Nd1 Ra8 48. Bb5 Ke5 49. Ne3 Rc8 50. Ng4+ Ke6 51. Ne3 Rc3 52. Be8 d4 53. Nf1 Rf3 54. Bb5 Rf2+ 55. Kd1 Ke5 56. Bc4 d3 57. Ne3 Kd4 58. cxd3 Kxe3 59. dxe4 Rd2+ 60. Ke1 Ra2 61. Kd1 Ra7 62. e5 Kf2 63. e6 fxe6 64. Bxe6 Kxg3 65. Bg8 Kxh4 66. f7 Ra8 67. Kd2 Kxg5 68. Bxh7 Kh6 69. Bg8 Kg7 70. Kd3 Rd8+ 71. Kc4 g5 72. Kxb4 g4 73. f8Q+ Kxf8 74. Bc4 Rd4 0-1

[Event "Pobeskydy ArcelorMittal op"]
[Site "Frydek Mistek"]
[Date "2009.04.10"]
[Round "4"]
[White "Kriebel, Tadeas"]
[Black "Mandon, Fabrice"]
[Result "1/2-1/2"]
[WhiteElo "2038"]
[BlackElo "2257"]
[PlyCount "109"]
[EventDate "2009.04.09"]
[EventType "swiss"]
[EventRounds "9"]
[EventCountry "CZE"]
[SourceTitle "CBM 129 Extra"]
[Source "ChessBase"]
[SourceDate "2009.05.05"]
[SourceVersion "2"]
[SourceVersionDate "2009.05.20"]
[SourceQuality "1"]

1. e4 Nf6 2. e5 Nd5 3. c4 Nb6 4. d4 d6 5. exd6 cxd6 6. Nc3 g6 7. Be3 Bg7 8. Rc1 0-0 9. b3 Bf5 10. d5 a5 11. Nf3 Na6 12. Nd4 Bd7 13. Qd2 Re8 14. Be2 Bc8 15. Bh6 Bh8 16. h4 Nd7 17. h5 Nf6 18. hxg6 fxg6 19. Qf4 Nc5 20. Qh4 Bd7 21. Bg5 Bg7 22. Bxf6 exf6 23. Qxh7+ Kf7 24. Rh6 Nd3+ 25. Kf1 Rxe2 26. Ncxe2 Nxc1 27. Nxc1 Qe7 28. Qxg6+ Kf8 29. Rh7 Qf7 30. Qxf7+ Kxf7 31. Nce2 Kg8 32. Rh4 f5 33. f4 a4 34. Rh5 axb3 35. axb3 Ra3 36. Nxf5 Bxf5 37. Rxf5 Rxb3 38. Rg5 Kf7 39. f5 Rb4 40. Rg4 b5 41. Re4 bxc4 42. Kf2 Be5 43. g4 Kf6 44. Ke1 Rb1+ 45. Kf2 c3 46. Nxc3 Bxc3 47. Re6+ Kg5 48. Rxd6 Kxg4 49. f6 Bd4+ 50. Ke2 Kf5 51. f7 Rb8 52. Ra6 Rf8 53. Ra3 Rxf7 54. Rf3+ Kg6 55. Rxf7 1/2-1/2

[Event "FRA-chT1B 0809"]
[Site "France"]
[Date "2009.04.05"]
[Round "11.4"]
[White "Inkiov, Ventzislav"]
[Black "Mandon, Fabrice"]
[Result "1-0"]
[WhiteElo "2455"]
[BlackElo "2219"]
[PlyCount "81"]
[EventDate "2008.10.19"]
[EventType "team-tourn"]
[EventRounds "11"]
[EventCountry "FRA"]
[SourceTitle "EXT 2010"]
[Source "ChessBase"]
[SourceDate "2010.11.25"]
[SourceVersion "1"]
[SourceVersionDate "2010.11.25"]
[SourceQuality "1"]
[WhiteTeam "Migne Auxances"]
[BlackTeam "Gonfreville"]
[WhiteTeamCountry "FRA"]
[BlackTeamCountry "FRA"]

1. d4 Nf6 2. c4 c5 3. e3 g6 4. Nc3 Bg7 5. Nf3 0-0 6. Be2 d6 7. 0-0 Na6 8. b3 Bf5 9. Bb2 Qd7 10. Qd2 h6 11. Rad1 b6 12. Qc1 Rad8 13. Qa1 g5 14. dxc5 Nxc5 15. Nd5 Ne8 16. Nd4 Bxd4 17. Bxd4 Ne6 18. Bb2 N6c7 19. f4 Nxd5 20. Rxd5 f6 21. fxg5 fxg5 22. Rfxf5 Rxf5 23. Bg4 Rf1+ 24. Qxf1 Qxg4 25. Rf5 Nf6 26. Bxf6 Rf8 27. Qd3 exf6 28. Rd5 Kg7 29. Rxd6 Rf7 30. h3 Qg3 31. Re6 Qe1+ 32. Kh2 Qf2 33. Re8 h5 34. Qd5 h4 35. Rg8+ Kh7 36. Rh8+ Kg6 37. Qd3+ f5 38. Qd6+ Rf6 39. Qb8 f4 40. Qg8+ Kf5 41. e4+ 1-0

[Event "FRA-chT1B 0809"]
[Site "France"]
[Date "2008.12.14"]
[Round "5.6"]
[White "Mandon, Fabrice"]
[Black "Rate, Bruno"]
[Result "1-0"]
[WhiteElo "2219"]
[BlackElo "2095"]
[PlyCount "67"]
[EventDate "2008.10.19"]
[EventType "team-tourn"]
[EventRounds "11"]
[EventCountry "FRA"]
[SourceTitle "EXT 2010"]
[Source "ChessBase"]
[SourceDate "2010.11.25"]
[SourceVersion "1"]
[SourceVersionDate "2010.11.25"]
[SourceQuality "1"]
[WhiteTeam "Gonfreville"]
[BlackTeam "Sautron"]
[WhiteTeamCountry "FRA"]
[BlackTeamCountry "FRA"]

1. e4 c5 2. Nf3 d6 3. d4 cxd4 4. Nxd4 Nf6 5. Nc3 Nc6 6. Bg5 e6 7. Qd2 a6 8. 0-0-0 h6 9. Bf4 Bd7 10. Bg3 Qc7 11. Nb3 Rc8 12. Bxd6 Bxd6 13. Qxd6 Qxd6 14. Rxd6 Ke7 15. Rd2 Ne5 16. f3 Rc7 17. Be2 b5 18. a3 Rb8 19. f4 Nc4 20. e5 Ne8 21. Bxc4 bxc4 22. Nd4 Rcb7 23. Nd1 Nc7 24. c3 Nd5 25. Nf5+ Kf8 26. Nd6 Rc7 27. g3 Ba4 28. Rd4 Bb3 29. Re1 Ba2 30. Re2 Rc5 31. Ne3 Nb6 32. Red2 g6 33. Ne4 Ke7 34. Nxc5 1-0

[Event "FRA-ch Accession"]
[Site "Pau"]
[Date "2008.08.17"]
[Round "6"]
[White "Pietrasanta, Jeremy"]
[Black "Mandon, Fabrice"]
[Result "1/2-1/2"]
[WhiteElo "2301"]
[BlackElo "2221"]
[PlyCount "68"]
[EventDate "2008.08.11"]
[EventType "swiss"]
[EventRounds "9"]
[EventCountry "FRA"]
[SourceTitle "CBM 126 Extra"]
[Source "ChessBase"]
[SourceDate "2008.11.05"]
[SourceVersion "1"]
[SourceVersionDate "2008.11.05"]
[SourceQuality "1"]

1. e4 c5 2. Nf3 Nc6 3. d3 d6 4. g3 g6 5. Bg2 Bg7 6. 0-0 Nf6 7. Re1 e5 8. c3 0-0 9. a3 Rb8 10. d4 Bg4 11. dxc5 dxc5 12. Qe2 b5 13. a4 a6 14. Na3 c4 15. b3 Bxf3 16. Qxf3 Qc7 17. Nc2 Na5 18. Bg5 Nd7 19. Nb4 f6 20. Be3 Ra8 21. axb5 axb5 22. h4 Nxb3 23. Rad1 Rad8 24. h5 Ndc5 25. hxg6 hxg6 26. Qg4 Qf7 27. Nd5 Nd3 28. Re2 f5 29. Qh4 Rxd5 30. exd5 f4 31. Bh3 Bf6 32. Qh6 Bg7 33. Qg5 Bf6 34. Qh6 Bg7 1/2-1/2

[Event "FRA-ch Accession"]
[Site "Pau"]
[Date "2008.08.13"]
[Round "2"]
[White "Housieaux, David"]
[Black "Mandon, Fabrice"]
[Result "1-0"]
[WhiteElo "2411"]
[BlackElo "2221"]
[PlyCount "65"]
[EventDate "2008.08.11"]
[EventType "swiss"]
[EventRounds "9"]
[EventCountry "FRA"]
[SourceTitle "CBM 126 Extra"]
[Source "ChessBase"]
[SourceDate "2008.11.05"]
[SourceVersion "1"]
[SourceVersionDate "2008.11.05"]
[SourceQuality "1"]

1. d4 Nf6 2. Nf3 g6 3. c4 c5 4. g3 Bg7 5. Bg2 0-0 6. 0-0 cxd4 7. Nxd4 Nc6 8. Nc3 Nxd4 9. Qxd4 d6 10. Qd2 a6 11. b3 Rb8 12. Bb2 b5 13. Nd5 Nxd5 14. Bxg7 Kxg7 15. cxd5 b4 16. Rfc1 Rb7 17. Rc4 a5 18. Rac1 Bd7 19. Rh4 Rh8 20. Qh6+ Kg8 21. Rhc4 f6 22. Bh3 Bxh3 23. Qxh3 Kg7 24. Rc6 Rf8 25. R1c4 f5 26. Qh4 Qd7 27. Qd4+ Kg8 28. Qd2 Rb5 29. Rc7 Qe8 30. Qe3 f4 31. gxf4 Qf7 32. Rxe7 Qf5 33. Rcc7 1-0

[Event "FRA-chT2 West 0708"]
[Site "France"]
[Date "2007.11.24"]
[Round "2.1"]
[White "Mohandesi, Shahin"]
[Black "Mandon, Fabrice"]
[Result "1-0"]
[WhiteElo "2322"]
[BlackElo "2188"]
[PlyCount "109"]
[EventDate "2007.10.21"]
[EventType "team"]
[EventRounds "11"]
[EventCountry "FRA"]
[SourceTitle "EXT 2009"]
[Source "ChessBase"]
[SourceDate "2008.11.26"]
[SourceVersion "1"]
[SourceVersionDate "2008.11.26"]
[SourceQuality "1"]
[WhiteTeam "Bagneux"]
[BlackTeam "Gonfreville II"]
[WhiteTeamCountry "FRA"]
[BlackTeamCountry "FRA"]

1. d4 d5 2. c4 dxc4 3. Nf3 Nf6 4. e3 e6 5. Bxc4 a6 6. 0-0 c5 7. dxc5 Qxd1 8. Rxd1 Bxc5 9. Nbd2 Nc6 10. Nb3 Be7 11. Bd2 0-0 12. Rac1 Bd7 13. Be2 Rfd8 14. Be1 Rac8 15. Nc5 Bxc5 16. Rxc5 Be8 17. Rdc1 Ne4 18. R5c2 Ne7 19. Rc7 Nd6 20. Bb4 Rxc7 21. Rxc7 Nd5 22. Bxd6 Nxc7 23. Bxc7 Rc8 24. Be5 Rc1+ 25. Bf1 Bb5 26. Nd2 Rd1 27. Bc3 e5 28. f3 f6 29. Kf2 Bxf1 30. Nxf1 Kf7 31. e4 Ke6 32. Ne3 Rd7 33. Ke2 Rd8 34. Nd5 Rd7 35. g3 Rd8 36. Nb4 Rd7 37. a4 Rd8 38. a5 Kd6 39. Nd3 Kc6 40. f4 exf4 41. gxf4 Re8 42. Ke3 Re7 43. h4 Kb5 44. f5 Kc4 45. Nf4 Rd7 46. h5 h6 47. Ne6 Re7 48. e5 Kd5 49. Nf4+ Kc4 50. e6 Re8 51. Ke4 Kc5 52. Nd5 Kc6 53. Bb4 Rd8 54. e7 Re8 55. Nf4 1-0

[Event "FRA-chT2 North 0607"]
[Site "France"]
[Date "2007.01.21"]
[Round "6.4"]
[White "Mandon, Fabrice"]
[Black "Congiu, Mathilde"]
[Result "1-0"]
[WhiteElo "2162"]
[BlackElo "2145"]
[PlyCount "113"]
[EventDate "2006.10.15"]
[EventType "team"]
[EventRounds "11"]
[EventCountry "FRA"]
[SourceTitle "EXT 2008"]
[Source "ChessBase"]
[SourceDate "2007.11.25"]
[SourceVersion "1"]
[SourceVersionDate "2007.11.25"]
[SourceQuality "1"]
[WhiteTeam "Gonfreville II"]
[BlackTeam "Cergy Pontoise"]
[WhiteTeamCountry "FRA"]
[BlackTeamCountry "FRA"]

1. e4 e5 2. f4 exf4 3. Nf3 g5 4. Bc4 g4 5. Ne5 Qh4+ 6. Kf1 Nh6 7. d4 d6 8. Nd3 f3 9. g3 Qe7 10. Nc3 c6 11. Bf4 Bg7 12. Qd2 Ng8 13. Qe3 Na6 14. Re1 Nc7 15. d5 Be5 16. a4 f6 17. h3 gxh3 18. Qxf3 h5 19. Nf2 Qg7 20. Nxh3 Bg4 21. Qf2 Ne7 22. Be3 cxd5 23. Bxd5 Nexd5 24. exd5 Bxh3+ 25. Rxh3 Qg4 26. Qg2 Kd7 27. Bf2 Qc4+ 28. Kg1 Bxc3 29. Rh4 Qxd5 30. Qh3+ Kc6 31. bxc3 Rae8 32. Rf1 Ne6 33. Qg2 Qxg2+ 34. Kxg2 Reg8 35. Re1 Kd7 36. Bxa7 Rc8 37. Re3 Rhe8 38. Kf2 Ng7 39. Rxe8 Kxe8 40. Bd4 Kf7 41. Rf4 Ne8 42. Ke3 Kg6 43. Kd3 f5 44. Rh4 Ra8 45. Be3 Nf6 46. Rb4 Ne4 47. Bf4 Ra6 48. Kd4 Rc6 49. c4 Kf6 50. Rxb7 Nc5 51. Kd5 Ra6 52. Rh7 Nxa4 53. Rh6+ Kg7 54. Rxd6 Ra5+ 55. Kd4 Nc5 56. Bd2 Ne4 57. Rd7+ 1-0